| 000 | 01072nam a22002537a 4500 | ||
|---|---|---|---|
| 999 |
_c18803 _d18803 |
||
| 003 | AR-CdUCM | ||
| 008 | 190515b ||||| |||| 00| 0 spa d | ||
| 040 |
_aMUNICIPALIDAD PROVINCIAL DEL CUSCO _cBIBLIOTECA MUNICIPAL DEL CUSCO |
||
| 041 | _heng | ||
| 082 |
_a371.207 / _bK26 |
||
| 100 |
_aKaufman, Roger A. _939617 |
||
| 245 |
_aPlanificación de sistemas educativos : _bideas básicas concretas / |
||
| 260 |
_aMéxico, D.F : _bTrillas, _c1973. |
||
| 300 |
_a189 páginas ; _bfiguras, _c24 cm. |
||
| 505 | _aContenido: Planificación -- La educación como un proceso administrativo introducción a un enfoque sistemático de la educación -- Determinación de las necesidades educativas -- Análisis de misiones -- Análisis de funciones ... | ||
| 650 |
_aPlanificación educativa _95341 |
||
| 650 |
_aAdministración escolar _99010 |
||
| 650 |
_aEducación _9460 |
||
| 700 |
_aContin, Agustín (traducción) _921582 |
||
| 710 |
_aCentro Regional de Ayuda Técnica _910048 |
||
| 710 |
_aA.I.D. (México) _939618 |
||
| 942 |
_2ddc _cLIBROS |
||
| 945 |
_aachl _d2019-05-15 |
||